000 00526nam a2200193 i 4500
001 147797
003 ES-MaACL
005 20230906202247.0
007 t|
008 071005s1978 sp ||||1| spa d
080 _a930(04)
080 _a008(4-15)(04)
100 1 _aUscatescu, Jorge (
_d1919-1995)
_9112293
245 1 0 _aEuropa, nuestra utopĂ­a /
_cJorge Uscatescu.
260 _a[Madrid] :
_bReus,
_c[1978]
300 _a156 p. ;
_c19 cm.
651 _aEuropa-
_xHistoria.
_98599
852 _aES-MaACL
_jA-8621
_bR.97588
999 _c147797
_d147797